|
|
|
|
| LEADER |
00768nta a2200217 i 4500 |
| 001 |
dokt8957 |
| 005 |
20221125093612.0 |
| 008 |
221125s1970 hu om 0|| hun d |
| 040 |
|
|
|a SZTE Doktori Repozitórium
|b hun
|
| 041 |
|
|
|a hun
|
| 100 |
1 |
|
|a Marián Miklós
|
| 245 |
1 |
0 |
|a Hidroxiláló rendszerek hatásának vizsgálata különböző model vegyületeken
|h [elektronikus dokumentum] /
|c Marián Miklós
|
| 260 |
|
|
|c 1970
|
| 502 |
|
|
|a Disszertacio
|
| 650 |
|
4 |
|a biológiai tudományok
|
| 650 |
|
4 |
|a Természettudományok
|
| 650 |
|
4 |
|a Biológiai tudományok
|
| 650 |
|
4 |
|a Biokémia és molekuláris biológia
|
| 695 |
|
|
|a Biokémia
|
| 700 |
1 |
|
|a Matkovics Béla
|e ths
|
| 856 |
4 |
0 |
|u https://doktori.bibl.u-szeged.hu/id/eprint/8957/1/1970_marian_miklos.pdf
|z Dokumentum-elérés
|